000
00209 a2200097 4500
001
41117
100
_a
Grimm W
245
_a
The Golden Goose
260
_a
London
_b
Oxford University
_c
090
_c
25347
_d
25347
942
_a
NUST-CAE
_c
M
_c
17055
999
_c
276190
_d
276190